000 00327pab a2200145 454500
008 180718b1999 xxu||||| |||| 00| 0 eng d
100 _aTewari, D.N.
245 _aMedical plants for health care
260 _c1999
300 _ap.8-11,17
362 _aJun
650 _aHealth services
773 _aYojana
909 _a41036
999 _c41036
_d41036